00793nam a2200217 a 450000100100000000500170001000800410002702000150006804000250008310000310010824500470013925000110018626000330019730000210023049000220025150000220027365100500029595201100034595201050045599900150056000000810620200929154433.0870722s1981 sp 001 0 spa  a8432035947 aDO-SdBNPbspacBNPHU1 aIzquierdo, Antonio.92201310aYo, testigo de cargo /cAntonio Izquierdo. a7a ed. aBarcelona :bPlaneta,c1981. a185 p. ;c20 cm.1 aDocumentovno. 54 aIncluye índice. 4aEspañaxPolítica Y Gobiernoy1975-922014 001052708MOaGRbGRcCTd2009-09-14iLF1l0o p8106-10r2020-06-25w2020-06-25y2ZPréstamo interno 0010507-18MOaPDbPDcOId2017-04-03iLF1l0o p8106-20r2020-06-25w2020-06-25y1ZNo se presta c7883d7883